Armando el rompecabezas en San Pedro de Atacama : el sitio Coyo oriental y la cuestión de los sectores del padre Le Paige desde la antropología biologica

Se analiza la diferencia fenotípica entre sectores del ayllu de Coyo Oriental de la población agroalfarera de San Pedro de Atacama. La muestra está constituida por 158 individuos correspondientes al Período Medio. Se trabajó con 35 variables craneométricas. Mediante un proceso basado en el cálculo d...

Full description

Bibliographic Details
Main Author: Cocilovo, José Alberto
Other Authors: Varela, Héctor H., Llagostera, Agustín
Format: Analitica de revista
Language:Spanish
Published: Santiago, Chile Universidad de Chile 2011
Subjects:
Online Access:

MARC

LEADER 00000nas a2200000 a 4500
001 039459
003 UAHC_CL
005 20180108114838.0
008 161228s1997 cl 000 spa
952 |0 0  |1 0  |4 0  |6 REV___CHIL__ANTROPOL_23_11_000000000000000  |7 0  |8 COMP  |9 75153  |a BC  |b BC  |c Hemeroteca  |d 2017-08-03  |e CANJE  |l 0  |o REV. CHIL. ANTROPOL.-23/11  |r 2018-01-22 00:00:00  |t 1  |w 2017-08-03  |y REVA 
999 |c 39459  |d 39459 
022 |a 07163312 
040 |a UAHC_CL  |c UAHC_CL  |d UAHC_CL 
100 1 |a Cocilovo, José Alberto 
245 1 0 |a Armando el rompecabezas en San Pedro de Atacama :  |b el sitio Coyo oriental y la cuestión de los sectores del padre Le Paige desde la antropología biologica   |c José A. Cocilovo, Agustín Llagostera, Héctor H. Varela. 
260 |b Universidad de Chile  |c 2011  |a Santiago, Chile 
300 |a pp. 149-172 
500 |a En: Revista chilena de antropología. no. 23, 2011 pp. 149-172. ISSN: 0716 3312. 
520 |a Se analiza la diferencia fenotípica entre sectores del ayllu de Coyo Oriental de la población agroalfarera de San Pedro de Atacama. La muestra está constituida por 158 individuos correspondientes al Período Medio. Se trabajó con 35 variables craneométricas. Mediante un proceso basado en el cálculo de componentes principales (PC) y la aplicación del modelo lineal general (GLM) se obtuvo un conjunto menor de variables libres de los efectos producidos por el dimorfismo sexual, la edad y la deformación artificial. Las diferencias fenotípicas entre estos sectores (N, S y SS) se evaluaron mediante técnicas de análisis estadístico multivariado. Los resultados indican que el sector S se diferencia significativamente con respecto a los otros dos sectores(N y SS) entre los cuales la semejanza es mayor. Se discuten estos resultados con la información brindada por otros elementos culturales de los cuales se tienen referencias contextuales como por ejemplo los tipos de textiles y las tabletas psicotrópicas. 
650 4 |a ANTROPOLOGIA APLICADA 
650 4 |a PREHISTORIA  |z CHILE  |x ARQUEOLOGIA 
651 4 |a SAN PEDRO DE ATACAMA (CHILE)  |x HISTORIA 
700 1 |a Varela, Héctor H. 
700 1 |a Llagostera, Agustín 
900 |a REV. CHIL. ANTROPOL.-23/11 
942 |c REVA